| 000 | 00863nam a22003255a 4500 | ||
|---|---|---|---|
| 001 | 13031795 | ||
| 003 | OSt | ||
| 005 | 20140310184341.0 | ||
| 008 | 021216s2003 cau 000 0 eng | ||
| 010 | _a 2002117381 | ||
| 020 | _a0439880475 | ||
| 035 | _a(DLC) 2002117381 | ||
| 040 |
_aDLC _cDLC |
||
| 042 |
_apcc _alcac |
||
| 050 |
_aPZ 7 _b.C518 2001 |
||
| 100 | 1 |
_aChih-Yuan, Chen. _924598 |
|
| 245 | 1 | 0 |
_aOn my way to buy eggs / _cwritten and illustrated by Chen Chih-Yuan. |
| 250 | _a1st ed. | ||
| 260 |
_aNew York : _bScholastic Inc., _c2003. |
||
| 300 |
_a48 p. : _c23 cm. _bcol. ill. ; |
||
| 521 | _aG2 | ||
| 526 | _c430 | ||
| 650 |
_aEggs _xJuvenile _924599 |
||
| 906 |
_a0 _bibc _corignew _d2 _eepcn _f20 _gy-gencatlg |
||
| 942 |
_2lcc _cBK-SCHOLAS |
||
| 999 |
_c33835 _d33835 |
||